မိုးကုတ်ဆရာတော်ဘုရားကြီး၏ ထေရုပ္ပတ္တိနှင့်ကျင့်စဉ် / (Record no. 40919)

000 -LEADER
fixed length control field 01023nam a22001937a 4500
005 - DATE AND TIME OF LATEST TRANSACTION
control field 20241004133728.0
008 - FIXED-LENGTH DATA ELEMENTS--GENERAL INFORMATION
fixed length control field 241004b ||||| |||| 00| 0 eng d
040 ## - CATALOGING SOURCE
Transcribing agency SSBUL
041 ## - LANGUAGE CODE
Language code of text/sound track or separate title Myanmar
082 ## - DEWEY DECIMAL CLASSIFICATION NUMBER
Edition number 23
Classification number ၂၉၄.၃၀၉၂ ကျေ်
Item number ၁၃၁၈၈ S-SAT
100 0# - MAIN ENTRY--PERSONAL NAME
Personal name ကျော်သိန်း
9 (RLIN) 54871
245 10 - TITLE STATEMENT
Title မိုးကုတ်ဆရာတော်ဘုရားကြီး၏ ထေရုပ္ပတ္တိနှင့်ကျင့်စဉ် /
Remainder of title ကျော်သိန်း။
250 ## - EDITION STATEMENT
Edition statement တတိယအကြိမ်။
260 ## - PUBLICATION, DISTRIBUTION, ETC.
Place of publication, distribution, etc. မန္တလေး ၊
Name of publisher, distributor, etc. တက်နေလင်း စာအုပ်ထုတ်ဝေရေးဌာန၊
Date of publication, distribution, etc. ခုနှစ်မပါ။
300 ## - PHYSICAL DESCRIPTION
Extent တ၊ ၅၄၄ စာမျက်နှာ ၊
Dimensions ၁၉ စင်တီ။
500 ## - GENERAL NOTE
General note S-SAT: Prof. Dr. Sai Aung Tun
650 ## - SUBJECT ADDED ENTRY--TOPICAL TERM
Topical term or geographic name entry element မိုးကုတ်ဆရာတော်ဘုရားကြီး
General subdivision ထေရုပ္ပတ္တိ
9 (RLIN) 54872
942 ## - ADDED ENTRY ELEMENTS (KOHA)
Source of classification or shelving scheme
Koha item type Book (Short term)
Holdings
Withdrawn status Lost status Source of classification or shelving scheme Damaged status Not for loan Collection code Permanent Location Current Location Shelving location Date acquired Total Checkouts Full call number Barcode Date last seen Price effective from Koha item type Accession
          Special Collections Shan State Buddhist University Library Shan State Buddhist University Library Special Collection Shelves 04/10/2024   ၂၉၄.၃၀၉၂ ကျေ် ၁၃၁၈၈ S-SAT MB00013188 04/10/2024 04/10/2024 Book (Short term) ၁၃၁၈၈ S-SAT

Library - 09407999929
Admin Office - 09407999979
Dean Office - 09250910768
Registrar Office - 09892297154
Email - [email protected]
Shan State Buddhist University, Phaya Phyu Taunggyi, Shan State, Myanmar.